Don Segundo sombra
Guardat en:
| Autor principal: | |
|---|---|
| Format: | Llibre |
| Idioma: | espanyol |
| Publicat: |
Santiago
Andres Bello
1982
|
| Matèries: | |
| Etiquetes: |
Afegir etiqueta
Sense etiquetes, Sigues el primer a etiquetar aquest registre!
|
MARC
| LEADER | 00000cam a2200000 a 4500 | ||
|---|---|---|---|
| 001 | UCH6236 | ||
| 003 | CL-VaPUC | ||
| 008 | 091109e19820000CL |||||||||||||||||spa|d | ||
| 082 | 0 | 4 | |a Ar863 |b GUI |2 21 |
| 100 | |a Güiraldes, Ricardo |e autor |9 303637 | ||
| 245 | 1 | 0 | |a Don Segundo sombra |
| 300 | |a 202 p | ||
| 942 | |c BK | ||
| 945 | |d 20091109 00:00:00 |a lazolas | ||
| 260 | |a Santiago |b Andres Bello |c 1982 | ||
| 650 | 0 | |a Novelas argentinas |9 267871 | |
| 583 | |a last modification |c 20130624 02:09:43 |k Rodrigo Vera | ||
| 999 | |c 337168 |d 337166 | ||